00471nam a22001692 4500001001100000005001700011008004100028020001700069040001500086100003100101245006300132250001300195260004300208300001600251600003100267852000300298000001274820151217152113.0090317s xx 000 0 eng d a0312537098 : aKABUcKABU1 aThomas, Garen.@000016965710aYes we can :ba biography of Barack Obama /cGaren Thomas. a1st ed. aNew York :bFeiwel and Friends,c2008. axi, 206 p.10aObama, Barack.@00001607201